The new music therapist's handbook / (Record no. 936)

MARC details
000 -LEADER
fixed length control field 01056cam a2200313 a 4500
005 - DATE AND TIME OF LATEST TRANSACTION
control field 20260322212040.0
008 - FIXED-LENGTH DATA ELEMENTS--GENERAL INFORMATION
fixed length control field data
010 ## - LIBRARY OF CONGRESS CONTROL NUMBER
LC control number 00703181
020 ## - INTERNATIONAL STANDARD BOOK NUMBER
International Standard Book Number 0634006452 (cover)
020 ## - INTERNATIONAL STANDARD BOOK NUMBER
International Standard Book Number 0643006452 (t.p. verso)
020 ## - INTERNATIONAL STANDARD BOOK NUMBER
International Standard Book Number 9780634006456 (cover)
028 50 - PUBLISHER OR DISTRIBUTOR NUMBER
Publisher or distributor number HL50449424
Source Hal Leonard
040 ## - CATALOGING SOURCE
Original cataloging agency BKC
Transcribing agency BKC
Modifying agency DLC
042 ## - AUTHENTICATION CODE
Authentication code lccopycat
050 00 - LIBRARY OF CONGRESS CALL NUMBER
Classification number ML3920
Item number .H3 1999
082 00 - DEWEY DECIMAL CLASSIFICATION NUMBER
Classification number 615.8/5154
Edition information 21
096 ## - LOCALLY ASSIGNED NLM-TYPE CALL NUMBER (OCLC)
Classification number WM 450.5.M8 H367 1999
001 - CONTROL NUMBER
control field data
100 1# - MAIN ENTRY--PERSONAL NAME
Personal name Hanser, Suzanne B.
245 14 - TITLE STATEMENT
Title The new music therapist's handbook /
Statement of responsibility, etc. Suzanne B. Hanser & Suzanne B. Hanser.
250 ## - EDITION STATEMENT
Edition statement 2nd ed., completely updated and rev.
260 ## - PUBLICATION, DISTRIBUTION, ETC.
Place of publication, distribution, etc. Milwaukee :
Name of publisher, distributor, etc. distributed by Hal Leonard,
Place of publication, distribution, etc. Milwaukee :
Name of publisher, distributor, etc. distributed by Hal Leonard,
Date of publication, distribution, etc. c1999.
300 ## - PHYSICAL DESCRIPTION
Extent xv, 256 p. :
Other physical details ill. ;
Dimensions 23 cm.
500 ## - GENERAL NOTE
General note Rev. ed. of: Music therapist's handbook. c1987.
500 ## - GENERAL NOTE
General note Distributor's no.: HL50449424.
504 ## - BIBLIOGRAPHY, ETC. NOTE
Bibliography, etc. note Includes bibliographical references and index.
650 #0 - SUBJECT ADDED ENTRY--TOPICAL TERM
Topical term or geographic name entry element Music therapy.
700 1# - ADDED ENTRY--PERSONAL NAME
Personal name Hanser, Suzanne B.
Title of a work Music therapist's handbook.
Holdings
Withdrawn status Lost status Damaged status Not for loan Home library Current library Shelving location Date acquired Total checkouts Full call number Barcode Date last seen Price effective from Koha item type
        Centerville Centerville General stacks 22/03/2026   615.8/5154 21 BC0010968 22/03/2026 22/03/2026 Books